La ciencia y el arte del concreto (Registro nro. 21571)

Detalles MARC
000 -Cabecera
Campo de control interno 00481nam a22002057a 4500
005 - Fecha y hora del registro
control field 20260318092935.0
008 - Elementos de Longitud Fija
fixed length control field 260318b |||||||| |||| 00| 0 spa d
041 ## - Idioma
Codigo Idioma ESP
082 ## - DEWEY y NOTACIÓN INTERNA
Dewey 624.1834
Notación Interna S71
100 ## - AUTOR
Autor denominación Sotomayor Cruz, Cristian
245 ## - TÍTULO DE MATERIAL BIBLIOGRÁFICO
Título La ciencia y el arte del concreto
260 ## - CIUDAD, EDITORIAL, AÑO
Ciudad :
Nombre de la Editorial ,
Año 2020
300 ## - DESCRIPCIÓN
N° Páginas 311 páginas :
Otros detalles ;
Dimensiones 17 cm.
440 ## - MENCIÓN DE SERIE
Título de la Serie ;
650 ## - TEMAS
Temas Tecnología (Ciencias Aplicadas)
654 ## - PROGRAMAS
Programa Dpto. de Ingeniería Civil
700 ## - OTROS AUTORES
Otros autores ;
942 ## - ELEMENTOS DE KOHA
Tipo de documento Libro
Nombre del creador Justo Noguera
Código de catalogador Justo Noguera
Esquema de clasificación Dewey Decimal Classification
Existencias
Codigo completo Registro Colección Copia número Disponibilidad Tipo de préstamo Biblioteca Actual Procedencia (Biblioteca) Ubicacón Fecha Ingreso Tipo de Adquisición Date last seen Total checkouts Date last checked out Price effective from Tipo de Item Estado del Material Fuente de Clasificación Damaged status Withdrawn status
624.1834 S71 1073418 Universidad Católica San Pablo 1 Disponible Disponible Víctor Andrés Belaunde Víctor Andrés Belaunde Segundo piso 18/03/2026 Compra 07/04/2026 3 06/04/2026 18/03/2026 Libro Bueno Dewey Decimal Classification